| Tag |
First Indicator |
Second Indicator |
Subfields |
| LEADER |
00000cam a2200000 a 4500 |
| 001 |
in00000013920 |
| 005 |
20151007052109.0 |
| 008 |
860818s1987 enka b 00110 eng |
| 010 |
|
|
|a 86022191
|
| 020 |
|
|
|a 0047900067 (alk. paper)
|
| 020 |
|
|
|a 0047900075 (pbk.)
|
| 035 |
|
|
|a (OCoLC)14189259
|
| 035 |
|
|
|9 AAA6266AM
|
| 040 |
|
|
|a DLC
|c DLC
|d TXA
|d UtOrBLW
|
| 043 |
|
|
|a e-uk---
|
| 049 |
|
|
|a TXAM
|c [A12607093]
|
| 050 |
0 |
0 |
|a GV75
|b .V398 1987
|
| 082 |
0 |
|
|a 790/.0941
|2 19
|
| 100 |
1 |
|
|a Veal, Anthony James.
|
| 245 |
1 |
0 |
|a Leisure and the future /
|c A.J. Veal.
|
| 264 |
|
1 |
|a London ;
|a Boston :
|b Allen & Unwin,
|c 1987.
|
| 300 |
|
|
|a 201 pages ;
|c 23 cm.
|
| 336 |
|
|
|a text
|b txt
|2 rdacontent
|
| 337 |
|
|
|a unmediated
|b n
|2 rdamedia
|
| 338 |
|
|
|a volume
|b nc
|2 rdacarrier
|
| 490 |
1 |
|
|a Leisure and recreation studies ;
|v 4
|
| 504 |
|
|
|a Bibliography: pages [180]-192.
|
| 500 |
|
|
|a Includes indexes.
|
| 650 |
|
0 |
|a Leisure
|z Great Britain.
|
| 650 |
|
0 |
|a Social prediction
|z Great Britain.
|
| 830 |
|
0 |
|a Leisure and recreation studies ;
|v 4.
|
| 999 |
|
|
|a MARS
|
| 999 |
f |
f |
|s 59d3d6e4-ad37-379e-b019-3576b4553e97
|i 922cc77b-ce7f-3092-80bb-d04585bd381f
|t 0
|
| 952 |
f |
f |
|p ric
|a Texas A&M University
|b Rellis Campus
|c Joint Library Facility
|d Remote Storage
|t 0
|e GV75 .V398 1987
|h Library of Congress classification
|i unmediated -- volume
|m A14812607093
|
| 998 |
f |
f |
|a GV75 .V398 1987
|t 0
|l Remote Storage
|